| 000 | 00493nam a2200181Ia 4500 | ||
|---|---|---|---|
| 005 | 20250326125042.0 | ||
| 008 | 250326s9999 xx 000 0 und d | ||
| 037 | _aTextbook | ||
| 040 |
_aFMSL _beng _cFMSL |
||
| 041 |
_aeng _2eng |
||
| 084 |
_aX:8M M0;2 _qFMSL |
||
| 100 |
_aSahai I M _9232722 |
||
| 245 | 0 |
_aModern office management _cSahai I M |
|
| 260 |
_aAllahabad _bAllahabad, Kitab Mahal _c1980 |
||
| 300 | _a331p | ||
| 942 |
_cTB _hX:8M M0;2 |
||
| 999 |
_c1276333 _d1276333 |
||